[Event "Oberliga Ost A 2016 2017"]
[Site "Germany"]
[Date "2017.03.19"]
[Round "8.7"]
[White "Limpert, Michael"]
[Black "Roseneck, Jonas"]
[Result "1/2-1/2"]
[WhiteElo "2223"]
[BlackElo "2011"]
[PlyCount "119"]
[EventDate "2016.10.16"]
[EventType "team-tourn"]
[EventCountry "GER"]
[WhiteTeam "Leipzig SG II"]
[BlackTeam "Magdeburg SG Aufbau Elbe"]
[WhiteTeamCountry "GER"]
[BlackTeamCountry "GER"]

1. e4 c5 2. Nf3 Nc6 3. Bb5 e6 4. Bxc6 dxc6 5. O-O Ne7 6. b3 Ng6 7. Bb2 Qc7 8.
Na3 e5 9. Nc4 f6 10. a4 Be6 11. a5 Be7 12. d3 O-O 13. Qd2 Rfd8 14. Ra2 b5 15.
axb6 axb6 16. Rfa1 Rxa2 17. Rxa2 Qb7 18. Qe1 b5 19. Ne3 Ra8 20. Qa1 Rxa2 21.
Qxa2 Bd8 22. g3 Bb6 23. c4 Qd7 24. Ne1 Kf7 25. Qa6 Qa7 26. Qxa7+ Bxa7 27. N1g2
Bb8 28. Kf1 Ke8 29. Ke2 Kd7 30. Nf5 Bxf5 31. exf5 Ne7 32. g4 Bc7 33. Ke3 g6 34.
fxg6 Nxg6 35. h4 Ke6 36. Ke4 Ne7 37. Ne3 Nc8 38. Nf5 Nd6+ 39. Nxd6 Bxd6 40. Bc1
Bc7 41. Be3 Bd6 42. f4 exf4 43. Bxf4 Be7 44. cxb5 cxb5 45. Bc1 Bd8 46. Bb2 Bc7
47. Ba3 Bb6 48. h5 Ba7 49. Bc1 Bb8 50. Ba3 Ba7 51. b4 cxb4 52. Bxb4 Bb8 53. d4
Bd6 54. Bc3 b4 55. Bb2 Bg3 56. d5+ Ke7 57. Kd3 Kd6 58. Kc4 Be5 59. Bc1 Bg3 60.
g5 1/2-1/2

[Event "Oberliga Ost A 2016 2017"]
[Site "Germany"]
[Date "2017.03.19"]
[Round "8.8"]
[White "Biastoch, Bennet"]
[Black "Greger, Ubald"]
[Result "1/2-1/2"]
[WhiteElo "2105"]
[BlackElo "2079"]
[PlyCount "75"]
[EventDate "2016.10.16"]
[EventType "team-tourn"]
[EventCountry "GER"]
[WhiteTeam "Magdeburg SG Aufbau Elbe"]
[BlackTeam "Leipzig SG II"]
[WhiteTeamCountry "GER"]
[BlackTeamCountry "GER"]

1. e4 d6 2. d4 Nf6 3. Nc3 e5 4. Nf3 Nbd7 5. Bc4 Be7 6. O-O O-O 7. a4 c6 8. b3
b6 9. Bb2 a6 10. Re1 Bb7 11. Bd3 g6 12. Qd2 Re8 13. Rad1 Bf8 14. Qg5 h6 15. Qh4
Nh5 16. Qxd8 Raxd8 17. dxe5 dxe5 18. Ne2 b5 19. Rd2 Bb4 20. c3 Be7 21. Red1 Nc5
22. Bc2 f6 23. Ba3 Rxd2 24. Rxd2 Bc8 25. axb5 axb5 26. Bxc5 Bxc5 27. b4 Bf8 28.
Bb3+ Be6 29. Bxe6+ Rxe6 30. g3 Rd6 31. Rxd6 Bxd6 32. Nc1 Ng7 33. Nd3 Ne6 34.
Kf1 Kf7 35. Ke2 c5 36. bxc5 Nxc5 37. Nxc5 Bxc5 38. Nd2 1/2-1/2

[Event "Oberliga Ost A 2016 2017"]
[Site "Germany"]
[Date "2017.04.23"]
[Round "9.1"]
[White "Cerveny, Martin"]
[Black "Wegener, Dirk"]
[Result "1-0"]
[WhiteElo "2384"]
[BlackElo "2349"]
[PlyCount "69"]
[EventDate "2016.10.16"]
[EventType "team-tourn"]
[EventCountry "GER"]
[WhiteTeam "Aue ESV Nickelhuette II"]
[BlackTeam "Dresden USV TU II"]
[WhiteTeamCountry "GER"]
[BlackTeamCountry "GER"]

1. d4 Nf6 2. c4 g6 3. Nc3 Bg7 4. e4 d6 5. f3 O-O 6. Bg5 c5 7. d5 e6 8. Nge2
exd5 9. cxd5 a6 10. a4 h6 11. Be3 Ne8 12. Qd2 f5 13. Nf4 g5 14. Ne6 Bxe6 15.
dxe6 Nc6 16. Bc4 Kh8 17. h4 f4 18. Bf2 Nc7 19. hxg5 Qxg5 20. Qxd6 Qxg2 21. Rg1
Bxc3+ 22. bxc3 Qxf3 23. Bd3 Rg8 24. Rxg8+ Rxg8 25. e7 Qh1+ 26. Kd2 Qh2 27. Qf6+
Rg7 28. Qf8+ Rg8 29. Rf1 f3 30. Bc4 Nxe7 31. Qxe7 Rg5 32. Ke3 b5 33. Rd1 bxc4
34. Rd8+ Rg8 35. Qf6+ 1-0

[Event "Oberliga Ost A 2016 2017"]
[Site "Germany"]
[Date "2017.04.23"]
[Round "9.2"]
[White "Kukel, Imre"]
[Black "Pulpan, Jakub"]
[Result "1/2-1/2"]
[WhiteElo "2251"]
[BlackElo "2337"]
[PlyCount "157"]
[EventDate "2016.10.16"]
[EventType "team-tourn"]
[EventCountry "GER"]
[WhiteTeam "Dresden USV TU II"]
[BlackTeam "Aue ESV Nickelhuette II"]
[WhiteTeamCountry "GER"]
[BlackTeamCountry "GER"]

1. e4 c5 2. Nf3 d6 3. d4 cxd4 4. Nxd4 Nf6 5. Nc3 a6 6. Be3 Ng4 7. Bc1 Nf6 8.
Be3 e5 9. Nb3 Be6 10. f3 h5 11. Qd2 Nbd7 12. Nd5 Bxd5 13. exd5 Rc8 14. Rd1 Nb6
15. Qa5 Nc4 16. Qxd8+ Kxd8 17. Bxc4 Rxc4 18. c3 Be7 19. O-O Kd7 20. Rfe1 h4 21.
Na1 e4 22. Nc2 exf3 23. gxf3 Rh5 24. Na3 Ra4 25. c4 b5 26. cxb5 axb5 27. Nxb5
Rxa2 28. Bd4 Nxd5 29. Na3 Bf6 30. Nc4 Ra8 31. Bxf6 gxf6 32. Kf2 Rg8 33. Rxd5
Rxd5 34. Nb6+ Kc6 35. Nxd5 Kxd5 36. Rd1+ Ke6 37. h3 Rb8 38. Rd2 Rb3 39. Re2+
Kf5 40. Rd2 Kg5 41. Kg2 f5 42. Kf2 Kf4 43. Rd4+ Ke5 44. Rxh4 Rxb2+ 45. Kg3 d5
46. Ra4 Rb6 47. h4 Rg6+ 48. Kf2 f4 49. Ra1 Rb6 50. Re1+ Kf5 51. Rd1 Rb2+ 52.
Kg1 Ke5 53. Re1+ Kd4 54. h5 Rb8 55. Kf2 Rb2+ 56. Kg1 Kc3 57. Re7 f5 58. h6 Rb6
59. Rc7+ Kd3 60. Rf7 Rxh6 61. Rxf5 d4 62. Rxf4 Kc3 63. Rf8 Rc6 64. Kf2 d3 65.
Ke1 Kc2 66. Rd8 Re6+ 67. Kf2 d2 68. Rc8+ Kd1 69. Rc7 Ra6 70. f4 Ra1 71. Kf3 Ke1
72. Re7+ Kf1 73. Rd7 Ra3+ 74. Ke4 Ke2 75. Rxd2+ Kxd2 76. f5 Ra6 77. Ke5 Ra5+
78. Ke6 Rxf5 79. Kxf5 1/2-1/2

[Event "Oberliga Ost A 2016 2017"]
[Site "Germany"]
[Date "2017.04.23"]
[Round "9.3"]
[White "Jurasek, Miroslav"]
[Black "Salzmann, Peter"]
[Result "1/2-1/2"]
[WhiteElo "2320"]
[BlackElo "2136"]
[PlyCount "91"]
[EventDate "2016.10.16"]
[EventType "team-tourn"]
[EventCountry "GER"]
[WhiteTeam "Aue ESV Nickelhuette II"]
[BlackTeam "Dresden USV TU II"]
[WhiteTeamCountry "GER"]
[BlackTeamCountry "GER"]

1. d4 d5 2. Nf3 Nf6 3. Bf4 e6 4. e3 Bd6 5. Bd3 Bxf4 6. exf4 c5 7. c3 cxd4 8.
cxd4 Qb6 9. Qd2 Nc6 10. Nc3 Bd7 11. Rc1 O-O 12. O-O g6 13. Bb5 Ne4 14. Nxe4
dxe4 15. Bxc6 Bxc6 16. Ne5 Rfd8 17. Nxc6 bxc6 18. Rfd1 Rd6 19. Rc4 Rad8 20. Qc3
h5 21. g3 a5 22. b3 Kh7 23. Kf1 Qb5 24. Kg2 Qf5 25. h4 Qb5 26. Re1 Qd5 27. Qe3
f5 28. Rec1 Rc8 29. Ra4 Qb5 30. Rc5 Qd3 31. Qxd3 exd3 32. Kf1 Rcd8 33. Ke1 Rxd4
34. Rxd4 Rxd4 35. Rxc6 Re4+ 36. Kd2 Re2+ 37. Kxd3 Rxa2 38. Rc7+ Kh6 39. Rc2 Ra3
40. Kc4 Kg7 41. Rd2 Kf6 42. Rd3 Ke7 43. Re3 Kd6 44. Rd3+ Ke7 45. Re3 Kd6 46.
Rd3+ 1/2-1/2

[Event "Oberliga Ost A 2016 2017"]
[Site "Germany"]
[Date "2017.04.23"]
[Round "9.4"]
[White "Clopes Llahi, Judit"]
[Black "Schnabel, Ralf"]
[Result "1-0"]
[WhiteElo "2121"]
[BlackElo "2235"]
[PlyCount "67"]
[EventDate "2016.10.16"]
[EventType "team-tourn"]
[EventCountry "GER"]
[WhiteTeam "Dresden USV TU II"]
[BlackTeam "Aue ESV Nickelhuette II"]
[WhiteTeamCountry "GER"]
[BlackTeamCountry "GER"]

1. e4 Nf6 2. e5 Nd5 3. d4 d6 4. c4 Nb6 5. exd6 cxd6 6. Nc3 g6 7. Be3 Bg7 8. Rc1
O-O 9. b3 e5 10. d5 f5 11. f3 N8d7 12. Bd3 Nf6 13. Bb1 Nh5 14. Nge2 Qh4+ 15.
Bf2 Qe7 16. Qd2 Bf6 17. O-O Bg5 18. Be3 Bxe3+ 19. Qxe3 Nd7 20. Rfd1 Rf7 21. a3
g5 22. b4 b6 23. Nb5 f4 24. Qf2 Kh8 25. Nec3 Nhf6 26. h3 Rg7 27. Na4 Ne8 28. c5
bxc5 29. bxc5 dxc5 30. d6 Qf6 31. Nxc5 Nxc5 32. Qxc5 Bf5 33. Bxf5 Qxf5 34. d7
1-0

[Event "Oberliga Ost A 2016 2017"]
[Site "Germany"]
[Date "2017.04.23"]
[Round "9.5"]
[White "Heinz, Juergen"]
[Black "Ader, Gunter"]
[Result "1-0"]
[WhiteElo "2220"]
[BlackElo "2023"]
[PlyCount "79"]
[EventDate "2016.10.16"]
[EventType "team-tourn"]
[EventCountry "GER"]
[WhiteTeam "Aue ESV Nickelhuette II"]
[BlackTeam "Dresden USV TU II"]
[WhiteTeamCountry "GER"]
[BlackTeamCountry "GER"]

1. c4 e5 2. Nc3 Nc6 3. g3 g6 4. Bg2 Bg7 5. e3 d6 6. Nge2 Bd7 7. O-O Qc8 8. d4
Nf6 9. d5 Ne7 10. f4 Nh5 11. e4 f5 12. Bf3 O-O 13. Bxh5 gxh5 14. fxe5 dxe5 15.
d6 Ng6 16. dxc7 Qxc7 17. Be3 Rad8 18. b3 Be6 19. Nd5 Bxd5 20. cxd5 f4 21. Rc1
Qd7 22. Bc5 Rf7 23. Qd3 b6 24. Bb4 Qh3 25. Qf3 Qg4 26. Kh1 Bh6 27. gxf4 Qh4 28.
Qg3 exf4 29. Qxh4 Nxh4 30. Rc6 Ng6 31. Nd4 Re8 32. Re6 Rc8 33. Nf5 Bg5 34. Nd6
Rc2 35. Nxf7 Kxf7 36. Rc6 Rxa2 37. Rc7+ Ke8 38. e5 Kd8 39. Rfc1 Ke8 40. e6 1-0

[Event "Oberliga Ost A 2016 2017"]
[Site "Germany"]
[Date "2017.04.23"]
[Round "9.6"]
[White "Oehl, Tim"]
[Black "Floeter, Frank"]
[Result "1/2-1/2"]
[WhiteElo "2126"]
[BlackElo "2124"]
[PlyCount "145"]
[EventDate "2016.10.16"]
[EventType "team-tourn"]
[EventCountry "GER"]
[WhiteTeam "Dresden USV TU II"]
[BlackTeam "Aue ESV Nickelhuette II"]
[WhiteTeamCountry "GER"]
[BlackTeamCountry "GER"]

1. c4 g6 2. g3 c5 3. Bg2 Bg7 4. Nc3 Nc6 5. Nf3 e5 6. O-O Nge7 7. Ne1 O-O 8. Nc2
d6 9. Ne3 Be6 10. a3 a5 11. d3 Rb8 12. Rb1 Qd7 13. Ned5 Bxd5 14. Nxd5 Nxd5 15.
Bxd5 Ne7 16. e4 Nxd5 17. cxd5 b5 18. Bd2 Ra8 19. b3 f5 20. f3 Bf6 21. Kg2 Rfe8
22. Qc2 Rec8 23. Rb2 Qd8 24. Qc1 Qd7 25. Rc2 Kg7 26. Qb2 Kf7 27. Qc1 Kg7 28.
Qa1 Kf7 29. Qe1 b4 30. a4 g5 31. exf5 Qxf5 32. Qe4 Kg6 33. g4 Qxe4 34. fxe4 Be7
35. Be1 Rf8 36. Rf5 Rxf5 37. gxf5+ Kf7 38. h3 Rg8 39. Kf3 h5 40. Rg2 Bf6 41.
Bd2 Be7 42. Kf2 Bf6 43. h4 g4 44. Kg3 Rc8 45. Bg5 Kg7 46. Rc2 Kf7 47. Be3 Ke7
48. Bf2 Kd7 49. Kh2 Ke7 50. Bg3 Kd7 51. Kg2 Ke7 52. Kf2 Bg7 53. Kg2 Bf6 54. Rc1
Kd7 55. Kf1 Be7 56. Ke2 Bf6 57. Bf2 Rg8 58. Rg1 Ke7 59. Be3 Rh8 60. Bf2 Rc8 61.
Rc1 Kd7 62. Bg3 Ke7 63. Rf1 Kd7 64. Be1 Rh8 65. Bf2 Rc8 66. Be3 Rh8 67. Bg5 Ke7
68. Ke3 Rg8 69. Rh1 Rc8 70. Rc1 Rg8 71. Kf2 Rd8 72. Kg3 Rc8 73. Kf2 1/2-1/2

[Event "Oberliga Ost A 2016 2017"]
[Site "Germany"]
[Date "2017.04.23"]
[Round "9.7"]
[White "Poessel, Christian"]
[Black "Schmalhofer, Adam"]
[Result "1-0"]
[WhiteElo "2004"]
[BlackElo "2107"]
[PlyCount "99"]
[EventDate "2016.10.16"]
[EventType "team-tourn"]
[EventCountry "GER"]
[WhiteTeam "Aue ESV Nickelhuette II"]
[BlackTeam "Dresden USV TU II"]
[WhiteTeamCountry "GER"]
[BlackTeamCountry "GER"]

1. e4 c5 2. Nf3 e6 3. c4 Nc6 4. Nc3 d6 5. d4 cxd4 6. Nxd4 Be7 7. Be2 Nf6 8. O-O
O-O 9. Be3 a6 10. Nc2 Rb8 11. f3 Qc7 12. Qd2 Rd8 13. Rfd1 Bd7 14. Rac1 b6 15.
Bf1 Qb7 16. Qf2 Ne5 17. a4 Ne8 18. h3 Bc6 19. b4 Nc7 20. b5 Be8 21. Nd4 axb5
22. axb5 d5 23. cxd5 exd5 24. f4 Ng6 25. e5 Ba3 26. Rc2 Ne7 27. f5 Bd7 28. Bd3
Rdc8 29. h4 Re8 30. h5 Nc8 31. Qg3 Bf8 32. h6 g6 33. e6 Bxe6 34. fxe6 Nxe6 35.
Nxe6 Rxe6 36. Bf4 Nd6 37. Ne2 Rd8 38. Nd4 Ree8 39. Nc6 Rd7 40. Ne5 Rdd8 41. Ng4
Re6 42. Rc6 Qa7 43. Be5 Qa4 44. Ra1 Qb3 45. Bxd6 Rdxd6 46. Rxd6 Rxd6 47. Qxd6
Bxd6 48. Ra8+ Bf8 49. Nf6+ Kh8 50. Rxf8# 1-0

[Event "Oberliga Ost A 2016 2017"]
[Site "Germany"]
[Date "2017.04.23"]
[Round "9.8"]
[White "Gaitzsch, Martin"]
[Black "Friedel, Manuel"]
[Result "1-0"]
[WhiteElo "1998"]
[BlackElo "1860"]
[PlyCount "115"]
[EventDate "2016.10.16"]
[EventType "team-tourn"]
[EventCountry "GER"]
[WhiteTeam "Dresden USV TU II"]
[BlackTeam "Aue ESV Nickelhuette II"]
[WhiteTeamCountry "GER"]
[BlackTeamCountry "GER"]

1. c4 c5 2. g3 g6 3. Bg2 Bg7 4. Nc3 Nf6 5. e4 Nc6 6. Nge2 O-O 7. O-O d6 8. d3
Ne8 9. Be3 Nc7 10. d4 cxd4 11. Nxd4 Nxd4 12. Bxd4 Bxd4 13. Qxd4 Ne6 14. Qe3 Qa5
15. Nd5 Re8 16. f4 Nc7 17. Nxc7 Qxc7 18. Rac1 Bd7 19. h4 Qb6 20. Qxb6 axb6 21.
a3 Rac8 22. Rc3 Rc7 23. Rfc1 Rec8 24. Bf1 f6 25. Kf2 h6 26. Ke3 Kg7 27. Bd3 Be6
28. Kd4 Bg4 29. Rb3 Rc6 30. Rb4 Be6 31. Be2 Bd7 32. Rc3 e5+ 33. fxe5 dxe5+ 34.
Ke3 Be6 35. Rcb3 Bxc4 36. Bxc4 Rxc4 37. Rxb6 f5 38. Rxb7+ Kg8 39. exf5 gxf5 40.
Rb8 Rxb8 41. Rxb8+ Kf7 42. Rb6 Rg4 43. Kf2 f4 44. gxf4 Rxh4 45. fxe5 h5 46. b4
Re4 47. e6+ Ke7 48. a4 Kd8 49. a5 Kc7 50. Kf3 Re1 51. b5 h4 52. Kg4 Ra1 53.
Rc6+ Kb7 54. a6+ Ka7 55. Kxh4 Rb1 56. Rc7+ Ka8 57. e7 Re1 58. Rd7 1-0

[Event "Oberliga Ost A 2016 2017"]
[Site "Germany"]
[Date "2017.04.23"]
[Round "9.1"]
[White "Mueller, Richard"]
[Black "Weitzer, Steffen"]
[Result "0-1"]
[WhiteElo "2170"]
[BlackElo "2224"]
[PlyCount "114"]
[EventDate "2016.10.16"]
[EventType "team-tourn"]
[EventCountry "GER"]
[WhiteTeam "Coswig TuS"]
[BlackTeam "Leipzig SG II"]
[WhiteTeamCountry "GER"]
[BlackTeamCountry "GER"]

1. d4 Nf6 2. c4 g6 3. Nc3 Bg7 4. e4 d6 5. f3 O-O 6. Be3 Nc6 7. Nge2 a6 8. Qd2
Re8 9. Rb1 e5 10. d5 Nb8 11. b4 a5 12. a3 axb4 13. axb4 c6 14. Nc1 cxd5 15.
cxd5 Nh5 16. Bd3 Nf4 17. O-O Nd7 18. Nb5 Nb6 19. Qc2 Re7 20. Rb3 Nbxd5 21. exd5
Nxd5 22. Bg5 f6 23. Bc4 Be6 24. Qd3 Qb6+ 25. Kh1 Qc6 26. Bd2 Rc8 27. Bxd5 Qxd5
28. Rc3 Rxc3 29. Qxd5 Bxd5 30. Nxc3 Bc4 31. Rd1 d5 32. Be1 d4 33. Ne4 f5 34.
Bh4 Re6 35. Nc5 Rb6 36. Be1 Rb5 37. N5d3 e4 38. fxe4 fxe4 39. Nc5 e3 40. N5d3
Rf5 41. Kg1 Rf8 42. Bg3 Re8 43. Kf1 Ra8 44. Ke1 Ra3 45. Bd6 b5 46. g3 Kf7 47.
Bc5 g5 48. Nb2 Ra1 49. Ncd3 Ra2 50. h3 Ke6 51. h4 h6 52. Rc1 Kd5 53. hxg5 hxg5
54. Be7 Ke4 55. Nc5+ Kf3 56. Nbd3 Rd2 57. Rd1 Rh2 0-1

[Event "Oberliga Ost A 2016 2017"]
[Site "Germany"]
[Date "2017.04.23"]
[Round "9.2"]
[White "Schoeneberg, Manfred"]
[Black "Pietsch, Michael"]
[Result "0-1"]
[WhiteElo "2245"]
[BlackElo "2146"]
[PlyCount "84"]
[EventDate "2016.10.16"]
[EventType "team-tourn"]
[EventCountry "GER"]
[WhiteTeam "Leipzig SG II"]
[BlackTeam "Coswig TuS"]
[WhiteTeamCountry "GER"]
[BlackTeamCountry "GER"]

1. Nf3 c5 2. e4 d6 3. d4 cxd4 4. Qxd4 Nc6 5. Bb5 Bd7 6. Bxc6 Bxc6 7. Nc3 Nf6 8.
Bg5 e6 9. O-O-O Be7 10. Rhe1 O-O 11. Qd2 Qc7 12. Nd4 Rfd8 13. f3 Rac8 14. g4 a6
15. Kb1 b5 16. Rc1 b4 17. Nce2 Qb7 18. Ng3 a5 19. c3 Be8 20. cxb4 axb4 21. Nh5
Nxh5 22. Bxe7 Qxe7 23. gxh5 Qh4 24. h6 Qxh6 25. Qxh6 gxh6 26. Rxc8 Rxc8 27. Rc1
Rc5 28. Nc2 b3 29. axb3 f5 30. Nd4 fxe4 31. fxe4 Re5 32. Rc8 Kf7 33. Kc2 Rxe4
34. Kd3 Rh4 35. Rc2 Ke7 36. Re2 Bg6+ 37. Kc3 e5 38. Nc6+ Kd7 39. Na5 Ke6 40. b4
Be8 41. Nc4 Rh3+ 42. Kd2 Bb5 0-1

[Event "Oberliga Ost A 2016 2017"]
[Site "Germany"]
[Date "2017.04.23"]
[Round "9.3"]
[White "Schweitzer, Andreas"]
[Black "Schunk, Thomas"]
[Result "1/2-1/2"]
[WhiteElo "2210"]
[BlackElo "2185"]
[PlyCount "23"]
[EventDate "2016.10.16"]
[EventType "team-tourn"]
[EventCountry "GER"]
[WhiteTeam "Coswig TuS"]
[BlackTeam "Leipzig SG II"]
[WhiteTeamCountry "GER"]
[BlackTeamCountry "GER"]

1. e4 e5 2. Nc3 Bc5 3. Bc4 Nf6 4. f4 Bxg1 5. Rxg1 O-O 6. d3 d5 7. Nxd5 Nxd5 8.
Bxd5 c6 9. Bb3 Qh4+ 10. g3 Qxh2 11. Be3 Be6 12. Qd2 1/2-1/2

[Event "Oberliga Ost A 2016 2017"]
[Site "Germany"]
[Date "2017.04.23"]
[Round "9.4"]
[White "Doehn, Raphael"]
[Black "Escher, Thomas"]
[Result "0-1"]
[WhiteElo "2131"]
[BlackElo "2181"]
[PlyCount "68"]
[EventDate "2016.10.16"]
[EventType "team-tourn"]
[EventCountry "GER"]
[WhiteTeam "Leipzig SG II"]
[BlackTeam "Coswig TuS"]
[WhiteTeamCountry "GER"]
[BlackTeamCountry "GER"]

1. e4 c5 2. Nf3 d6 3. d4 cxd4 4. Nxd4 Nf6 5. Nc3 Nc6 6. Bc4 e6 7. Be3 a6 8. Qe2
Be7 9. O-O-O Qc7 10. Bb3 O-O 11. g4 Na5 12. g5 Nxb3+ 13. axb3 Nd7 14. Rhg1 b5
15. Rg3 Re8 16. h4 b4 17. Na4 Bb7 18. Qg4 Rac8 19. Rd2 Ne5 20. Qe2 Bxe4 21.
Qxa6 Ra8 22. Qe2 Rec8 23. Bf4 Qb7 24. Bxe5 dxe5 25. Re3 Bg6 26. Rxe5 Qh1+ 27.
Rd1 Qxh4 28. Qe3 Bd6 29. Nf3 Rxc2+ 30. Kb1 Rd2+ 31. Ka2 Rxd1 32. Nxh4 Bb1+ 33.
Ka1 Bc2+ 34. Ka2 Rxa4+ 0-1

[Event "Oberliga Ost A 2016 2017"]
[Site "Germany"]
[Date "2017.04.23"]
[Round "9.5"]
[White "Klawa, Patrick"]
[Black "Pietzsch, Manuel"]
[Result "1/2-1/2"]
[WhiteElo "2187"]
[BlackElo "2107"]
[PlyCount "138"]
[EventDate "2016.10.16"]
[EventType "team-tourn"]
[EventCountry "GER"]
[WhiteTeam "Coswig TuS"]
[BlackTeam "Leipzig SG II"]
[WhiteTeamCountry "GER"]
[BlackTeamCountry "GER"]

1. e4 e5 2. Nf3 Nc6 3. d4 exd4 4. Nxd4 Nf6 5. Nxc6 bxc6 6. e5 Qe7 7. Qe2 Nd5 8.
c4 Ba6 9. Nd2 Nb4 10. Kd1 c5 11. Nf3 d5 12. exd6 O-O-O 13. Qxe7 Bxe7 14. a3
Rxd6+ 15. Bd2 Rhd8 16. axb4 Bb7 17. Kc2 Bxf3 18. Be3 Be4+ 19. Kb3 Rd1 20. Be2
Rxh1 21. Rxh1 cxb4 22. Ra1 Bxg2 23. Rxa7 Bb7 24. Ra5 g6 25. c5 Bd5+ 26. Kxb4
Kd7 27. Bd4 Rb8+ 28. Kc3 Rb3+ 29. Kc2 c6 30. Ra8 h5 31. Ba6 Bd8 32. Bc8+ Ke8
33. Ra7 Rf3 34. Be3 Be7 35. b4 f5 36. Bd7+ Kd8 37. b5 Rxe3 38. fxe3 Bxc5 39.
Rb7 Be4+ 40. Kd2 cxb5 41. Rxb5 Bd6 42. Be6 Ke7 43. Bd5 Bxd5 44. Rxd5 Bxh2 45.
Ke2 Kf6 46. Kf3 g5 47. Ra5 g4+ 48. Kg2 Be5 49. Ra6+ Kg5 50. Ra5 Bc7 51. Rb5 Kg6
52. Rb7 Bd8 53. Rb8 Bg5 54. Rg8+ Kf6 55. Rf8+ Ke5 56. Re8+ Kd5 57. Rh8 Bxe3 58.
Rxh5 Ke4 59. Rh7 Bf4 60. Rb7 Be5 61. Rb4+ Ke3 62. Rb3+ Kf4 63. Rb5 Ke4 64. Rb4+
Kd5 65. Rb5+ Ke6 66. Rb6+ Bd6 67. Rb5 Kf6 68. Rb6 Ke6 69. Rb5 Kf6 1/2-1/2

[Event "Oberliga Ost A 2016 2017"]
[Site "Germany"]
[Date "2017.04.23"]
[Round "9.6"]
[White "Limpert, Michael"]
[Black "Hofmann, Rares"]
[Result "0-1"]
[WhiteElo "2223"]
[BlackElo "2081"]
[PlyCount "114"]
[EventDate "2016.10.16"]
[EventType "team-tourn"]
[EventCountry "GER"]
[WhiteTeam "Leipzig SG II"]
[BlackTeam "Coswig TuS"]
[WhiteTeamCountry "GER"]
[BlackTeamCountry "GER"]

1. e4 e5 2. Nf3 Nc6 3. Nc3 Nf6 4. d4 exd4 5. Nxd4 Bb4 6. Nxc6 bxc6 7. Bd3 d5 8.
exd5 cxd5 9. O-O O-O 10. Bg5 c6 11. Qf3 Be7 12. h3 Be6 13. Rfe1 h6 14. Bh4 c5
15. Rad1 Qd7 16. Bc4 d4 17. Qe2 Bxc4 18. Qxc4 Rac8 19. Na4 Qc7 20. c3 Rfd8 21.
Rd3 g5 22. Bg3 Bd6 23. Bxd6 Qxd6 24. Red1 Nd5 25. g3 Nb6 26. Qa6 Qe6 27. Qxa7
Nc4 28. Nxc5 Qxh3 29. cxd4 Nxb2 30. Rf3 Qh5 31. Rdd3 Nxd3 32. Rxd3 Qe2 33. Kg2
Ra8 34. Qb6 Kg7 35. a4 Qe7 36. Qb2 Qf6 37. Ne4 Qf5 38. d5+ f6 39. Qd4 Qe5 40.
Nc3 Qxd4 41. Rxd4 Rac8 42. Nb5 Rc5 43. d6 Kf7 44. g4 Ke6 45. Re4+ Kd5 46. Kf3
Rc1 47. Rd4+ Kc6 48. Ke4 Rc5 49. Kf3 f5 50. Kg3 fxg4 51. Kxg4 Rf8 52. Kh5 Rc2
53. Kxh6 Rcxf2 54. d7 Rh8+ 55. Kg6 Rff8 56. Rd6+ Kc5 57. Rd2 Rhg8+ 0-1

[Event "Oberliga Ost A 2016 2017"]
[Site "Germany"]
[Date "2017.04.23"]
[Round "9.7"]
[White "Poenisch, Eckehard"]
[Black "Greger, Ubald"]
[Result "1/2-1/2"]
[WhiteElo "2166"]
[BlackElo "2079"]
[PlyCount "34"]
[EventDate "2016.10.16"]
[EventType "team-tourn"]
[EventCountry "GER"]
[WhiteTeam "Coswig TuS"]
[BlackTeam "Leipzig SG II"]
[WhiteTeamCountry "GER"]
[BlackTeamCountry "GER"]

1. b4 e5 2. Bb2 d6 3. e3 Nf6 4. c4 Be7 5. Nf3 O-O 6. d4 exd4 7. exd4 c5 8. bxc5
dxc5 9. Be2 cxd4 10. O-O Nc6 11. Nxd4 Qb6 12. Nxc6 bxc6 13. Qc2 Bf5 14. Qc1
Rab8 15. Be5 Rb7 16. Nd2 Nd7 17. Bc3 Bf6 1/2-1/2

[Event "Oberliga Ost A 2016 2017"]
[Site "Germany"]
[Date "2017.04.23"]
[Round "9.8"]
[White "Dietze, Frank"]
[Black "Poenisch, Johannes"]
[Result "1-0"]
[WhiteElo "2141"]
[BlackElo "1988"]
[PlyCount "73"]
[EventDate "2016.10.16"]
[EventType "team-tourn"]
[EventCountry "GER"]
[WhiteTeam "Leipzig SG II"]
[BlackTeam "Coswig TuS"]
[WhiteTeamCountry "GER"]
[BlackTeamCountry "GER"]

1. d4 d5 2. c4 dxc4 3. e4 Nf6 4. e5 Nd5 5. Bxc4 e6 6. Nc3 Nb6 7. Bb3 c5 8. Nf3
Nc6 9. Bg5 Qd7 10. dxc5 Bxc5 11. O-O O-O 12. Qe2 a6 13. Rfd1 Qc7 14. Rac1 Be7
15. Qe4 Rd8 16. Bc2 g6 17. Qh4 Nd5 18. Ne4 h5 19. Bf6 Nxf6 20. exf6 Bf8 21. Ng3
Bh6 22. Ra1 Qf4 23. Qxf4 Bxf4 24. Ne4 Kf8 25. g3 Bc7 26. a3 b6 27. Rxd8+ Nxd8
28. Rd1 Nb7 29. b4 Ke8 30. Nfg5 Nd8 31. Nd6+ Bxd6 32. Rxd6 Rb8 33. Rxd8+ Kxd8
34. Nxf7+ Kd7 35. Ne5+ Kd6 36. Nxg6 Bb7 37. f7 1-0

[Event "Oberliga Ost A 2016 2017"]
[Site "Germany"]
[Date "2017.04.23"]
[Round "9.1"]
[White "Woellermann, Jan"]
[Black "Zwahr, Paul"]
[Result "0-1"]
[WhiteElo "2379"]
[BlackElo "2318"]
[PlyCount "46"]
[EventDate "2016.10.16"]
[EventType "team-tourn"]
[EventCountry "GER"]
[WhiteTeam "Magdeburg SG Aufbau Elbe"]
[BlackTeam "Dresden SG Gruen Weiss"]
[WhiteTeamCountry "GER"]
[BlackTeamCountry "GER"]

1. d4 d5 2. c4 dxc4 3. e4 Nc6 4. Nf3 Nf6 5. Nc3 Bg4 6. d5 Ne5 7. Bf4 Bxf3 8.
gxf3 Qd6 9. Bxe5 Qxe5 10. Qa4+ Nd7 11. Bh3 e6 12. O-O-O Bd6 13. f4 Qxf4+ 14.
Kb1 b5 15. Nxb5 O-O 16. Nxd6 Nb6 17. Qc2 cxd6 18. dxe6 fxe6 19. Bxe6+ Kh8 20.
Bd5 Rab8 21. Rd2 c3 22. Re2 Nxd5 23. b3 Qf3 0-1

[Event "Oberliga Ost A 2016 2017"]
[Site "Germany"]
[Date "2017.04.23"]
[Round "9.2"]
[White "Siedentopf, Daniel"]
[Black "Paul, Johannes"]
[Result "1/2-1/2"]
[WhiteElo "2292"]
[BlackElo "2297"]
[PlyCount "85"]
[EventDate "2016.10.16"]
[EventType "team-tourn"]
[EventCountry "GER"]
[WhiteTeam "Dresden SG Gruen Weiss"]
[BlackTeam "Magdeburg SG Aufbau Elbe"]
[WhiteTeamCountry "GER"]
[BlackTeamCountry "GER"]

1. e4 e6 2. d4 d5 3. Nc3 Nf6 4. Bg5 Bb4 5. e5 h6 6. Bd2 Bxc3 7. bxc3 Ne4 8. Qg4
Kf8 9. Bc1 c5 10. Bd3 Qa5 11. Ne2 cxd4 12. Bxe4 dxe4 13. Qxe4 Nc6 14. f4 dxc3
15. O-O Bd7 16. a4 Ne7 17. Ba3 Bc6 18. Qe3 Re8 19. Nd4 Kg8 20. Nb3 Qd5 21. Rf2
Nf5 22. Qxc3 Kh7 23. a5 Rc8 24. Bc5 Nh4 25. Re1 Nxg2 26. Rd2 Qf3 27. Qxf3 Bxf3
28. Rxg2 Bxg2 29. Kxg2 b6 30. axb6 axb6 31. Bxb6 Rxc2+ 32. Bf2 Rd8 33. Re4 Rd3
34. Nd4 Rb2 35. f5 exf5 36. Nxf5 g5 37. Rd4 Rxd4 38. Nxd4 Kg6 39. Kf3 h5 40. e6
fxe6 41. Nxe6 g4+ 42. Ke3 h4 43. Bxh4 1/2-1/2